Methods In Neuronal Modeling : (Record no. 32346)
[ view plain ]
| 000 -LEADER | |
|---|---|
| fixed length control field | 01225cam a2200349 a 4500 |
| 001 - CONTROL NUMBER | |
| control field | 3542702 |
| 003 - CONTROL NUMBER IDENTIFIER | |
| control field | OSt |
| 005 - DATE AND TIME OF LATEST TRANSACTION | |
| control field | 20211027153652.0 |
| 008 - FIXED-LENGTH DATA ELEMENTS--GENERAL INFORMATION | |
| fixed length control field | 970501s1998 maua b 001 0 eng |
| 010 ## - LIBRARY OF CONGRESS CONTROL NUMBER | |
| LC control number | 97017166 |
| 020 ## - INTERNATIONAL STANDARD BOOK NUMBER | |
| International Standard Book Number | 9780262112314 |
| 038 ## - RECORD CONTENT LICENSOR | |
| Staff Name | khadija |
| 040 ## - CATALOGING SOURCE | |
| Original cataloging agency | DLC |
| Transcribing agency | DLC |
| Modifying agency | DLC |
| 050 00 - LIBRARY OF CONGRESS CALL NUMBER | |
| Classification number | QP363.3 |
| Item number | .M46 1998 |
| 082 00 - DEWEY DECIMAL CLASSIFICATION NUMBER | |
| Classification number | 573.80113 |
| Edition number | 21 |
| 245 00 - TITLE STATEMENT | |
| Title | Methods In Neuronal Modeling : |
| Remainder of title | from ions to networks \ |
| Statement of responsibility, etc. | by Christof Koch and Idan Segev. |
| 250 ## - EDITION STATEMENT | |
| Edition statement | 2nd ed. |
| 260 ## - PUBLICATION, DISTRIBUTION, ETC. | |
| Place of publication, distribution, etc. | Cambridge, Mass. : |
| Name of publisher, distributor, etc. | MIT Press, |
| Date of publication, distribution, etc. | c1998. |
| 300 ## - PHYSICAL DESCRIPTION | |
| Extent | xiii, 671 p. : |
| Other physical details | ill. ; |
| Dimensions | 24 cm. |
| 440 #0 - SERIES STATEMENT/ADDED ENTRY--TITLE | |
| Title | Computational neuroscience |
| 9 (RLIN) | 81284 |
| 500 ## - GENERAL NOTE | |
| General note | "A Bradford book." |
| 504 ## - BIBLIOGRAPHY, ETC. NOTE | |
| Bibliography, etc. note | Includes bibliographical references (p. [607]-653) and index. |
| 563 ## - BINDING INFORMATION | |
| Binding note | hard cover |
| 650 #0 - SUBJECT ADDED ENTRY--TOPICAL TERM | |
| Topical term or geographic name entry element | Neural networks (Neurobiology) |
| 9 (RLIN) | 81289 |
| 650 #0 - SUBJECT ADDED ENTRY--TOPICAL TERM | |
| Topical term or geographic name entry element | Nervous system |
| General subdivision | Computer simulation. |
| 9 (RLIN) | 81290 |
| 650 #0 - SUBJECT ADDED ENTRY--TOPICAL TERM | |
| Topical term or geographic name entry element | Neurons |
| General subdivision | Computer simulation. |
| 9 (RLIN) | 81291 |
| 700 1# - ADDED ENTRY--PERSONAL NAME | |
| Personal name | Koch, Christof, |
| Dates associated with a name | 1956- |
| 9 (RLIN) | 81292 |
| 700 1# - ADDED ENTRY--PERSONAL NAME | |
| Personal name | Segev, Idan. |
| 9 (RLIN) | 81293 |
| 906 ## - LOCAL DATA ELEMENT F, LDF (RLIN) | |
| a | 7 |
| b | cbc |
| c | orignew |
| d | 1 |
| e | ocip |
| f | 19 |
| g | y-gencatlg |
| 942 ## - ADDED ENTRY ELEMENTS (KOHA) | |
| Source of classification or shelving scheme | |
| Koha item type | Book |
| Withdrawn status | Lost status | Source of classification or shelving scheme | Damaged status | Not for loan | Permanent Location | Current Location | Shelving location | Date acquired | Full call number | Barcode | Date last seen | Price effective from | Koha item type | Public note |
|---|---|---|---|---|---|---|---|---|---|---|---|---|---|---|
| School of Mechanical & Manufacturing Engineering (SMME) | School of Mechanical & Manufacturing Engineering (SMME) | Reference | 08/10/2015 | 573.80113 MET | SMME-1107 | 03/28/2018 | 08/10/2015 | Book | Rack,8-Shelf,2 |
